| 000 | 00616cam a22002051 4500 | ||
|---|---|---|---|
| 001 | ne 63002246 | ||
| 003 | DLC | ||
| 005 | 20260227111751.0 | ||
| 008 | 820201s1963 ua ac 000 0 ararc | ||
| 010 | _ane 63002246 | ||
| 035 | _a(OCoLC)8118025 | ||
| 040 |
_aPrinceton Univ. Libr. _cTU _dTU _dDLC |
||
| 042 | _apremarc | ||
| 050 | 0 | 0 |
_aPJ7846.I79 _bA17 1963 |
| 100 | 1 | _aMiṣrī, Ḥusayn Mujīb. | |
| 245 | 1 | 0 |
_aḤusn wa-ʻishq. _c[taʼlīf] Ḥusayn Mujīb al-Miṣrī. |
| 260 |
_a[al-Qāhirah] _bMaktabat al-Nahḍah al-Miṣrīyah _c[1963] |
||
| 300 |
_a11, 304 p. _billus., port. _c20 cm. |
||
| 500 | _aPoems. | ||
| 999 |
_c46373 _d46373 |
||